Los sucesos de mayo-junio 1968 vistos a través de cien empresas (Record no. 148863)

MARC details
000 -LEADER
campo de control de longitud fija 01006nam a2200217 i 4500
001 - NÚMERO DE CONTROL
campo de control 148863
003 - IDENTIFICADOR DE NÚMERO DE CONTROL
campo de control ES-MaACL
005 - FECHA Y HORA DE LA ÚLTIMA TRANSACCIÓN
campo de control 20230906202839.0
007 - CAMPO FIJO DE DESCRIPCIÓN FÍSICA--INFORMACIÓN GENERAL
campo de control de longitud fija t|
008 - DATOS DE LONGITUD FIJA--INFORMACIÓN GENERAL
campo de control de longitud fija 070214s1970 sp |||| | spa d
080 ## - NÚMERO DE LA CLASIFICACIÓN DECIMAL UNIVERSAL
Número de la Clasificación Decimal Universal 944"1968"
245 04 - MENCIÓN DEL TÍTULO
Título Los sucesos de mayo-junio 1968 vistos a través de cien empresas
Resto del título : documento realizado en... julio y agosto de 1968, a partir de los testimonios recogidos en el Centro Nacional de Información para la Productividad de las Empresas /
Mención de responsabilidad, etc. publicado por la Asociación Española de Directores y Jefes de Personal ; traducción de Enrique Martín Enciso.
260 ## - PUBLICACIÓN, DISTRIBUCIÓN, ETC.
Lugar de publicación, distribución, etc. Madrid :
Nombre del editor, distribuidor, etc. Ibérico Europea,
Fecha de publicación, distribución, etc. 1970.
300 ## - DESCRIPCIÓN FÍSICA
Extensión 133 p. ;
Dimensiones 21 cm.
490 1# - MENCIÓN DE SERIE
Mención de serie Cuadernos de dirección de personal
651 #4 - PUNTO DE ACCESO ADICIONAL DE MATERIA--NOMBRE GEOGRÁFICO
Nombre geográfico Francia-
Subdivisión general Historia-
Subdivisión cronológica 1968, Movimientos estudiantiles.
9 (RLIN) 162957
710 2# - ENTRADA AGREGADA--NOMBRE DE ENTIDAD CORPORATIVA
Nombre de entidad corporativa o nombre de jurisdicción como elemento de entrada Asociación Española de Directores y Jefes de Personal.
9 (RLIN) 1651
830 0# - PUNTO DE ACCESO ADICIONAL DE SERIE-TÍTULO UNIFORME
Título uniforme Cuadernos de dirección de personal
9 (RLIN) 221046
852 ## - LOCALIZACIÓN
Ubicación ES-MaACL
Número de control de estantería C-46156
Holdings
Estatus retirado Estado de pérdida Estado de daño No para préstamo Biblioteca de origen Biblioteca actual Ubicación en estantería Fecha de adquisición Fuente de adquisición Total de préstamos Signatura topográfica completa Código de barras Visto por última vez Precio de reemplazo Tipo de ítem Koha
        Biblioteca del Ateneo de Madrid Biblioteca del Ateneo de Madrid Depósito 2 17/01/2008     C-46156 1155346 23/02/2023 23/02/2023 Libro impreso